| 000 | 01439cam a22002414a 4500 | ||
|---|---|---|---|
| 005 | 20250605164131.0 | ||
| 008 | 250528s ||||||||||||||||||||||||d | ||
| 035 | _a18648 | ||
| 020 | _a394352378 | ||
| 040 |
_aGR-AtMCL _bgre _dGR-AtMCL _eAACR2 |
||
| 245 | 1 | _aFilm Art / Αn Introduction Second Edition | |
| 250 | _a2nd | ||
| 260 | _c1986 | ||
| 300 | _a402 | ||
| 505 | 0 | _aFilm Production, The Work of Film Production, Film Form, The Significance of Film Form, Nonnarrative Formal Systems, Narrative as a Formal System, Film Style, The Shot: Mise-en-Scene, The shot: Cinematographic Properties, The Relation of Shot to Plot: Editing, Sound in the Cinema, Style as a Formal System: Summary, Film Critisism: Sample Analyses, Film Form and Film History, Bibliography, Glossary, Alternative Films, Credits, Index. | |
| 520 | _aFilm Production, The Work of Film Production, Film Form, The Significance of Film Form, Nonnarrative Formal Systems, Narrative as a Formal System, Film Style, The Shot: Mise-en-Scene, The shot: Cinematographic Properties, The Relation of Shot to Plot: Editing, Sound in the Cinema, Style as a Formal System: Summary, Film Critisism: Sample Analyses, Film Form and Film History, Bibliography, Glossary, Alternative Films, Credits, Index. | ||
| 700 | 1 |
_aAlfred A. Knopf _93578 |
|
| 700 | 1 |
_aBordwell David _94913 |
|
| 700 | 1 |
_aThompson Kristin _94914 |
|
| 942 | _cBK | ||
| 999 |
_c3995 _d3995 |
||